000 00724nam a2200253Ia 4500
003 OSt
005 20221005133551.0
006 a|||||r|||| 00| 0
007 ta
008 221004b |||||||| |||| 00| 0 hin d
024 _a60475
037 _cTextual
040 _aCRL
_cCRL
_bhin
041 _2hin
_ahin
082 _aO152,1J55:g, J1
100 _aपाण्डेय, के., ले.
245 0 _aजीवन वृत
246 _aJīvan vṛuta
260 _c1951
650 _a हिन्दी साहित्य
650 _aहिन्दी कविता
942 _hO152,1J55:g, J1
_cTEXL
_2cc
999 _c1067239
_d1067239